Normal view
MARC view
- حماد، رزق نمر شعبان
Entry Personal Name
001 - CONTROL NUMBER
- control field: 7960
003 - CONTROL NUMBER IDENTIFIER
- control field: JO-AjAnu
005 - DATE AND TIME OF LATEST TRANSACTION
- control field: 20230606071603.0
008 - FIXED-LENGTH DATA ELEMENTS
- fixed length control field: 230606|| aca||aabn | a|a d
040 ## - CATALOGING SOURCE
- Original cataloging agency: JO-AjAnu
- Transcribing agency: JO-AjAnu
100 ## - HEADING--PERSONAL NAME
- Personal name: حماد، رزق نمر شعبان
670 ## - SOURCE DATA FOUND
- Source citation: Work cat.: (JO-AjAnu)4111: حماد، رزق نمر شعبان, author, الدليل الهندسي في التصميم والمساكن والمباني في المناطق المدارية